Noms de rue les plus courants en France (Personnalités historiques) - Statistiques

Statistiques générales
  • Ce quiz a été pris 702 fois
  • Le résultat moyen est 6 sur 15
Statistiques - réponses
Fonction Nombre de rues Nom % Correct
Militaire / Politique 3903 Charles de Gaulle
97%
Ecrivain 2555 Victor Hugo
88%
Scientifique 3354 Louis Pasteur
66%
Philosophe 1069 Voltaire
48%
Ecrivain 1148 Emile Zola
45%
Militaire 1255 Maréchal Foch
43%
Militaire 1472 Général Leclerc
41%
Politique 2370 Jean Jaurès
40%
Politique 1234 Georges Clémenceau
38%
Militaire 2215 Jean Moulin
25%
Politique 1318 Jules Ferry
25%
Politique 1501 Léon Gambetta
21%
Aviateur 1059 Jean Mermoz
16%
Poète 1112 Alphonse de Lamartine
13%
Religion 1157 Notre Dame
4%
Aucun quiz correspondant
Distribution des résultats
% des personnes avec chaque résultat
Percentile par nombre de réponses
Votre historique - résultats
Vous n’avez pas pris ce quiz